Safety of ships and marine environment protection / (Record no. 1443)

000 -LEADER
fixed length control field 00585nam a2200205 a 4500
008 - FIXED-LENGTH DATA ELEMENTS--GENERAL INFORMATION
fixed length control field 200102r2009 ii a|||g |||| 00| 0 eng d
020 ## - INTERNATIONAL STANDARD BOOK NUMBER
Terms of availability Rs. 225.00
040 ## - CATALOGING SOURCE
Original cataloging agency IMU Kochi Library
Language of cataloging eng
041 0# - LANGUAGE CODE
Language code of text/sound track or separate title eng
044 ## - COUNTRY OF PUBLISHING/PRODUCING ENTITY CODE
MARC country code India
082 04 - DEWEY DECIMAL CLASSIFICATION NUMBER
Edition number 23
Classification number 623.888
Item number T151
100 1# - MAIN ENTRY--PERSONAL NAME
Personal name Tambwekar, A. S.
245 10 - TITLE STATEMENT
Title Safety of ships and marine environment protection /
250 ## - EDITION STATEMENT
Edition statement 2nd ed.
260 ## - PUBLICATION, DISTRIBUTION, ETC. (IMPRINT)
Place of publication, distribution, etc Mumbai :
Name of publisher, distributor, etc The Insistute of Marine Engineers(India),
Date of publication, distribution, etc 2009.
300 ## - PHYSICAL DESCRIPTION
Extent IX., 165 p. :
Other physical details ill.;
Dimensions 22 cm
650 #0 - SUBJECT ADDED ENTRY--TOPICAL TERM
Topical term or geographic name as entry element Marine pollution
General subdivision Prevention
Form subdivision Textbooks
852 ## - LOCATION/CALL NUMBER
Location IMU Kochi Library
942 ## - ADDED ENTRY ELEMENTS (KOHA)
Item type Books
Holdings
Withdrawn status Lost status Source of classification or shelving scheme Damaged status Not for loan Collection code Permanent location Current location Shelving location Date acquired Source of acquisition Cost, normal purchase price Full call number Barcode Date last seen Koha item type Public note
          Engineering IMU Kochi Library IMU Kochi Library General Stacks 2012-11-02 M/s Insistute of Marine Engineering (Inv. No IME(I)HO 087 Dt 2012-10-12) 225.00 623.888 T151 BK000489 2020-01-02 Books Gen. Shelf-14, Row-3
          Engineering IMU Kochi Library IMU Kochi Library General Stacks 2012-11-02 M/s Insistute of Marine Engineering (Inv. No IME(I)HO 087 Dt 2012-10-12) 225.00 623.888 T151 BK000490 2020-01-02 Books Gen. Shelf-14, Row-3


Copyright © All Rights Reserved by Indian Maritime University, Kochi Campus.
For any Suggestions/Query Contact to library or Email: library.kochi@imu.ac.in Ph:(0484)-2989402
(Web OPAC Designed by Rudra Ranjan. Maintained by IMU Kochi Library)

Powered by Koha